Quá trình sáng tạo thơ ca /
Sách nhằm giới thiệu với bạn đọc những nghiên cứu về quá trình sáng tạo thơ ca của các tác giả trong và ngoài nước.
Αποθηκεύτηκε σε:
| Κύριος συγγραφέας: | |
|---|---|
| Μορφή: | Βιβλίο |
| Γλώσσα: | Vietnamese |
| Έκδοση: |
Hà Nội :
Văn hoá thông tin,
2000.
|
| Θέματα: | |
| Ετικέτες: |
Προσθήκη ετικέτας
Δεν υπάρχουν, Καταχωρήστε ετικέτα πρώτοι!
|
| Thư viện lưu trữ: | Mạng thư viện Đại học Đà Nẵng |
|---|
| LEADER | 01090cam a2200373 i 4500 | ||
|---|---|---|---|
| 001 | 000046661 | ||
| 003 | 6163 | ||
| 005 | 20040322111223.0 | ||
| 008 | 010307b2000 vm 000 vie | ||
| 020 | |c 28000 | ||
| 040 | |a IRC |c IRC |d IRC | ||
| 041 | 0 | |a vie | |
| 082 | 1 | 4 | |a 808.1 |b BU-H |
| 100 | 1 | |a Bùi Công Hùng. | |
| 245 | 0 | 0 | |a Quá trình sáng tạo thơ ca / |c Bùi Công Hùng. |
| 260 | |a Hà Nội : |b Văn hoá thông tin, |c 2000. | ||
| 300 | |a 295tr. ; |c 19cm. | ||
| 520 | 3 | |a Sách nhằm giới thiệu với bạn đọc những nghiên cứu về quá trình sáng tạo thơ ca của các tác giả trong và ngoài nước. | |
| 630 | 0 | 4 | |a Văn học Việt. |
| 630 | 0 | 4 | |a Thơ ca. |
| 630 | 0 | 4 | |a Nghệ thuật thơ ca. |
| 630 | 0 | 4 | |a Lý luận văn học. |
| 630 | 0 | 4 | |a Sáng tạo thơ ca. |
| 650 | 0 | 4 | |a Nghệ thuật thơ. |
| OWN | |a DUT | ||
| 999 | |a From the UDN01 | ||
| TYP | |a Monograph | ||
| TYP | |a Printed language | ||
| 980 | |a Mạng thư viện Đại học Đà Nẵng | ||